000 01303nam0a2200337 4500
001 RU\NLR\bibl\1693079
005 20260408235031.0
010 _a978-5-17-035036-0
_bАСТ
010 _a978-5-271-13265-0
_95000
_bАстрель
021 _aRU
_b2010-73514
_94875
021 _aRU
_b2011-79871
_95690
021 _aRU
_b2013-67180
_94600
035 _a(NLR Aleph) 001684187
090 _a1120205
_c1120205
100 _a20101030d2010 |||y0rusy50 ca
101 1 _arus
_ceng
102 _aRU
105 _aa |||||||||
200 1 _aРобинзон Крузо
_e[для среднего школьного возраста]
_fДаниэль Дефо
_g[пер. с англ. М. Шишмаревой
_gхудож. Ж. Ганвиль]
210 _aМосква
_cАСТ
_cАстрель
_d2010
215 _a446, [1] с.
_cил.
_d21
225 1 _aВнеклассное чтение
500 _aРобинзон Крузо
_92631332
_3RU\NLR\AUTH\559313
700 1 _4070
_7ca
_8rus
_aДефо
_bД.
_fок.1660-1731
_gДаниель
_9912
_3RU\NLR\AUTH\7717827
702 1 _4440
_7ca
_8rus
_aГранвиль
_bЖ. Ж.
_f1803-1847
_gЖан Жак
_961293
_3RU\NLR\AUTH\7778365
801 0 _aRU
_bNLR
_c20101030
_gRCR
801 1 _aRU
_bNLR
_c20101030
942 _cBOOK
980 _aNB